শিকাৰু আৰু শিকন (Record no. 16383)
[ view plain ]
| 000 -LEADER | |
|---|---|
| fixed length control field | 00521nam a22001937a 4500 |
| 008 - FIXED-LENGTH DATA ELEMENTS--GENERAL INFORMATION | |
| fixed length control field | 260420b |||||||| |||| 00| 0 eng d |
| 020 ## - INTERNATIONAL STANDARD BOOK NUMBER | |
| International Standard Book Number | 9788119679836 |
| Price | 340.00 |
| 040 ## - CATALOGING SOURCE | |
| Original Cataloguing agency | Sibsagar Commerce College Central Library |
| 041 ## - LANGUAGE CODE | |
| Language code of text/sound track or separate title | Assamese |
| 082 ## - DEWEY DECIMAL CLASSIFICATION NUMBER | |
| Classification number | 370.15 |
| Book Number | CHA. |
| 100 ## - MAIN ENTRY--PERSONAL NAME | |
| Personal name | Chaliha, Beda Kr. |
| Dates associated with a name | Saikia, Tarun |
| 245 ## - TITLE STATEMENT | |
| Title | শিকাৰু আৰু শিকন |
| Statement of responsibility, etc. | By Beda Kr. Chaliha. |
| 250 ## - EDITION STATEMENT | |
| Edition statement | 1st ed. |
| 260 ## - PUBLICATION, DISTRIBUTION, ETC. | |
| Place of publication, distribution, etc. | Jorhat: |
| Name of publisher, distributor, etc. | Bidya Bhawan ; |
| Date of publication, distribution, etc. | 2025. |
| 300 ## - PHYSICAL DESCRIPTION | |
| Pages | 392p. |
| 650 ## - Subject | |
| Subject | Education |
| 942 ## - ADDED ENTRY ELEMENTS (KOHA) | |
| Source of classification or shelving scheme | Dewey Decimal Classification |
| Koha item type | Books |
| Withdrawn status | Lost status | Source of classification or shelving scheme | Damaged status | Not for loan | Collection code | Home library | Current library | Shelving location | Date acquired | Source of acquisition | Total Checkouts | Full call number | Barcode | Date last seen | Copy number | Cost, replacement price | Price effective from | Koha item type | Date due | Date last checked out |
|---|---|---|---|---|---|---|---|---|---|---|---|---|---|---|---|---|---|---|---|---|
| Dewey Decimal Classification | Education | Sibsagar Commerce College Central Library | Sibsagar Commerce College Central Library | General Stacks | 20/04/2026 | Kitap Ghar | 370.15 CHA. | 29289 | 20/04/2026 | 1 | 680.00 | 20/04/2026 | Books | |||||||
| Dewey Decimal Classification | Education | Sibsagar Commerce College Central Library | Sibsagar Commerce College Central Library | General Stacks | 20/04/2026 | Kitap Ghar | 1 | 370.15 CHA. | 29290 | 29/04/2026 | 2 | 680.00 | 20/04/2026 | Books | 18/05/2026 | 29/04/2026 |
